000 00644cam a2200217 4500500
005 20260405003821.0
041 _afre
042 _adc
100 1 0 _aLarmagnac-Matheron, Octave
_eauthor
245 0 0 _aMargaret Cavendish, excentrique pionnière du panpsychisme
260 _c2024.
500 _a96
690 _aÂme
690 _aAngleterre
690 _aCorps
690 _aDualisme
690 _aTotalité
690 _aVivant
786 0 _nPhilosophie magazine | 176 | 1-2 | 2024-02-01 | p. 48-48 | 1951-1787
856 4 1 _uhttps://shs.cairn.info/magazine-philosophie-magazine-2024-2-page-48?lang=fr&redirect-ssocas=7080
999 _c2071097
_d2071097